00834cam a2200265Mc 4500001001300000003000900013005001700022008004100039020001800080020001500098020001500113020001800128040004400146041000800190100002800198245004400226260006800270300001800338504005300356650004100409650002500450650004000475650003400515765001900549ocn472124557Co-BoUCM20170220105147.0170220s1981 xxu fr 001 0 eng d a9780262620468 z0262620464 z0262120852 a9780262120852 aCo-BoUCMbspacSaul NiñodSaul Niño0 aeng1 aLynch, Kevind1918-198412aA theory of good city formcKevin Lynch aCambridge (Massachusetts, Estados Unidos)bThe MIT Pressc1981 a514 páginas aIncluye referencias bibliográficas e índices 7aPlanificación urbana xFilosofía 7aSociología urbana  7aAsentamientos urbanos xFilosofía 7aCiudades y pueblos xHistoria tGood city form